000 00213nam a2200097Ia 4500
008 240331s9999 xx 000 0 und d
082 _bBHA
100 _aBhawananthi M
245 0 _aArumuganawalarnannool
942 _cL
999 _c3975
_d3975